Úskalí při implementaci treasury management systému

Implementácia TMS (Treasury Management System) môže byť pre banky a ďalšie finančné inštitúcie kľúčovým krokom k efektívnejšiemu fungovaniu treasury. Správne zvolený TMS nielen zjednoduší evidenciu obchodov, ale taktiež poskytne cenné údaje pre strategické rozhodnutia a presný reporting. Dokáže zníž...

ver descrição completa

Na minha lista:
Detalhes bibliográficos
Autor principal: Kubátová, Klára
Formato: Capítulo de Livro
Idioma:tcheco
Assuntos:
Tags: Adicionar Tag
Sem tags, seja o primeiro a adicionar uma tag!

MARC

LEADER 00000naa a2200000 4500
001 0314639
005 20260130092721.0
041 0 |a cze 
044 |a CZ 
245 1 0 |a Úskalí při implementaci treasury management systému  |c Klára Kubátová 
520 |a Implementácia TMS (Treasury Management System) môže byť pre banky a ďalšie finančné inštitúcie kľúčovým krokom k efektívnejšiemu fungovaniu treasury. Správne zvolený TMS nielen zjednoduší evidenciu obchodov, ale taktiež poskytne cenné údaje pre strategické rozhodnutia a presný reporting. Dokáže znížiť náklady, minimalizovať riziko chýb a uvoľniť kapacity tímu pre dôležitejšie úlohy. Zlá voľba systému však môže priniesť viac problémov ako úžitku. 
610 2 0 |a banky 
610 2 0 |a inštitúcie finančné 
610 2 0 |a efektívnosť 
610 2 0 |a rozhodovanie strategické 
610 2 0 |a reporting 
610 2 0 |a udržateľnosť 
610 2 0 |a softvér 
100 1 |a Kubátová, Klára